| 000 | 00626nam a22002297a 4500 | ||
|---|---|---|---|
| 001 | 00028780 | ||
| 005 | 20260415091120.0 | ||
| 008 | 260415b ag ||||| |||| 00| 0 spa d | ||
| 020 | _a9789500110549 | ||
| 040 |
_aAR-CcCEOS _bspa _cAR-CcCEOS |
||
| 041 | _aspa | ||
| 080 | _a860-3(82) | ||
| 090 | _bOTE | ||
| 100 | 1 |
_aOtero, Rodolfo _9162 |
|
| 245 |
_aMilla Loncó / _cRodolfo Otero |
||
| 250 | _a1a ed., 1 reimp. | ||
| 260 |
_aBuenos Aires : _bEstrada, _c2008. |
||
| 300 |
_a264 p. ; _c19x14 cm. |
||
| 655 | 0 |
_aenseñanza primaria _9202 |
|
| 942 |
_2udc _cBK _n0 |
||
| 999 |
_c28815 _d28815 |
||